Name a Valid Minecraft Biome by Mob - Statistics

General Stats
  • This quiz has been taken 13 times
  • The average score is 9 of 16
Answer Stats
Mob Biome(s) % Correct
Camel Desert
100%
Parrot Bamboo Jungle | Jungle | Sparse Jungle
77%
Frog Mangrove Swamp | Swamp
77%
Pufferfish Warm Ocean | Lukewarm Ocean | Deep Lukewarm Ocean
77%
Fox Grove | Old Growth Taiga | Snowy Taiga | Taiga
69%
Panda Bamboo Jungle | Jungle | Sparse Jungle
62%
Turtle Beach
62%
Warden Deep Dark
62%
Mooshroom Mushroom Fields
62%
Husk Desert
54%
Axolotl Lush Caves
46%
Bogged Mangrove Swamp | Swamp
46%
Hoglin Crimson Forest
38%
Shulker End Highlands | End Midlands
31%
Goat Frozen Peaks | Jagged Peaks | Snowy Slopes
23%
Creaking Pale Garden
23%
No matching quizzes found
Score Distribution
Percent of People with Each Score
Percentile by Number Answered
Your Score History
You have not taken this quiz